| Tag |
First Indicator |
Second Indicator |
Subfields |
| LEADER |
00000cam a2200000 a 4500 |
| 001 |
in00001370521 |
| 005 |
20151006081138.0 |
| 008 |
970527s1997 couab b f000 0 eng d |
| 010 |
|
|
|a gp 97062113
|
| 035 |
|
|
|a (OCoLC)36964152
|
| 035 |
|
|
|9 AHJ1974AM
|
| 040 |
|
|
|d GPO
|d DLC
|d MvI
|d UtOrBLW
|
| 043 |
|
|
|a n-us-tx
|a n-us-nm
|
| 074 |
|
|
|a 0631
|
| 086 |
0 |
|
|a I 53.2:EL 6/5
|
| 090 |
|
|
|a F802.E45
|b E4 1997
|
| 110 |
1 |
|
|a United States.
|b National Park Service.
|
| 245 |
1 |
0 |
|a El Camino Real de Tierra Adentro, Texas--New Mexico :
|b national historic trail feasibility study, environmental assessment.
|
| 246 |
3 |
0 |
|a National historic trail feasibility study, environmental assessment
|
| 264 |
|
1 |
|a [Denver, Colo.?] :
|b U.S. Dept. of the Interior, National Park Service,
|c [1997]
|
| 300 |
|
|
|a vi, 93 pages :
|b illustrations, maps ;
|c 28 cm.
|
| 336 |
|
|
|a text
|b txt
|2 rdacontent
|
| 337 |
|
|
|a unmediated
|b n
|2 rdamedia
|
| 338 |
|
|
|a volume
|b nc
|2 rdacarrier
|
| 500 |
|
|
|a Shipping list number: 97-0214-P.
|
| 500 |
|
|
|a "March 1997."
|
| 504 |
|
|
|a Includes bibliographical references (pages 88-91).
|
| 500 |
|
|
|a "NPS D-2A"--P. [3] of cover.
|
| 651 |
|
0 |
|a El Camino Real de Tierra Adentro National Historic Trail (N.M. and Tex.)
|x Environmental conditions.
|
| 651 |
|
0 |
|a Chihuahua Trail
|z Environmental conditions.
|
| 650 |
|
0 |
|a National parks and reserves
|z El Camino Real de Tierra Adentro National Historic Trail (N.M. and Tex.)
|
| 650 |
|
0 |
|a Trails
|x Environmental aspects
|z New Mexico.
|
| 650 |
|
0 |
|a Trails
|x Environmental aspects
|z Texas.
|
| 999 |
|
|
|a MARS
|
| 999 |
f |
f |
|s e327891f-6525-3eb0-a2d0-c9dddf929adb
|i a40dbec0-f71b-30a3-acbd-d4690e210a00
|t 0
|
| 952 |
f |
f |
|p normal
|a Texas A&M University
|b College Station
|c Sterling C. Evans Library
|d Evans: US Documents (Annex 5th floor)
|t 0
|e I 53.2:EL 6/5
|h Superintendent of Documents classification
|i unmediated -- volume
|m A14821271304
|
| 998 |
f |
f |
|a I 53.2:EL 6/5
|t 0
|l Evans: US Documents (Annex 5th floor)
|